Polémica/
Guardado en:
| Institution som forfatter: | |
|---|---|
| Format: | Bog |
| Sprog: | Spanish |
| Udgivet: |
San José, Costa Rica:
ICADIS,
1981-
|
| Fag: | |
| Tags: |
Tilføj Tag
Ingen Tags, Vær først til at tagge denne postø!
|
MARC
| LEADER | 00000nam a22000007a 4500 | ||
|---|---|---|---|
| 003 | cru CIDCACS/IIS | ||
| 005 | 20230306111355.0 | ||
| 008 | 200806s1981 cr |||p|r||||||0| ||spa|d | ||
| 040 | |c cru CIDCACS/IIS | ||
| 090 | |a REV0771 | ||
| 110 | 1 | |9 10911 |a Instituto Centroamericano de Documentación e Investigaciones Sociales, ICADIS | |
| 245 | |a Polémica/ |c Instituto Centroamericano de Documentación e Investigaciones Sociales | ||
| 260 | |a San José, Costa Rica: |b ICADIS, |c 1981- | ||
| 270 | |d Costa Rica |e Apdo. 7481 | ||
| 500 | |a EXISTENCIAS : 1981 (1-2) 1982 (3-6) 1983 (7-12) 1984 (13-15) 1985 (16-18) 1986 (19-21) SEGUNDA ÉPOCA 1987 (1-3) 1988 (4-6) 1989 (7-9) 1990 (10-12) 1991 (13-15) 1992 (16-18) 1993 (19-21) 1994 (1-2) 1995 (4) PERIODICIDAD: bimestral A PARTIR DE 1987 II EPOCA, contiene separata en 1983 y dos en 1985 | ||
| 500 | |a Colección Centroamérica | ||
| 650 | 0 | |9 304 |a COMERCIO EXTERIOR | |
| 650 | 4 | |9 2642 |a INTEGRACION ECONOMICA | |
| 650 | 0 | |9 129 |a NEOLIBERALISMO | |
| 650 | 0 | |9 991 |a MCCA | |
| 651 | 0 | |9 17 |a AMERICA LATINA | |
| 942 | |2 ddc |c PP | ||
| 999 | |c 43288 |d 43288 | ||
